[Event "Marienbad Open IM1 2020"]
[Site "Marianske Lazne"]
[Date "2020.01.23"]
[Round "7.10"]
[White "Abhilash, Reddy M.L."]
[Black "Tymrakiewicz, Rafal"]
[Result "1/2-1/2"]
[WhiteElo "2258"]
[BlackElo "2254"]
[Annotator "TA"]
[PlyCount "112"]
[EventDate "2020.01.18"]
[EventType "tourn"]
[EventCountry "CZE"]
[SourceTitle "playchess.com"]
[Source "ChessBase"]
[SourceQuality "1"]

{[%evp 14,112,48,13,19,17,51,48,56,41,81,56,62,57,89,66,76,44,138,56,59,56,41,43,90,89,66,80,71,85,94,103,97,96,115,60,55,41,105,60,74,41,96,95,97,96,141,137,180,170,215,208,183,158,175,189,213,134,142,126,177,106,113,53,60,63,121,107,175,162,190,97,97,57,70,33,31,41,23,27,68,0,0,0,0,0,13,0,6,0,0,0,8,0,0,0,0,0,0,0,-13]} 1. d4 d5 2. Nf3 c5 3. e3 cxd4 4. exd4 Nc6 5. Bd3 g6 6. c3 Nh6 7. Bf4 Bg7 8. Qd2 Nf5 {B13: Caro-Kann: Exchange Variation and Panov-Botvinnik Attack} 9. Na3 (9. O-O O-O 10. Re1 f6 11. h3 Re8 12. Na3 e5 13. dxe5 fxe5 14. Bg5 Qa5 15. Bb5 a6 16. Bxc6 bxc6 {0-1 (39) Rjabzev,K (2270)-Triapishko,A (2508) St Petersburg 2017}) 9... a6 10. h4 $146 ({Predecessor:} 10. h3 h6 11. Nc2 Nd6 12. Ne3 Ne4 13. Qc2 f5 14. h4 Be6 {1-0 (25) Hrisomalis,T (2089)-Drakaki,A (1834) Thessaloniki 2012}) 10... h5 {White is slightly better.} 11. Nc2 b5 12. Ne5 Qb6 13. Qe2 Ra7 14. Nxc6 Qxc6 15. Nb4 Qd7 (15... Qb7 $1 $14) 16. a4 (16. Bb8 $16) 16... bxa4 $14 17. Bc2 O-O 18. Bxa4 Qb7 {With the idea ...Nxd4!} 19. Nc6 Ra8 20. Na5 $36 {[%mdl 2048] White has strong initiative.} Qb6 21. Bc6 {[%mdl 64] Double Attack} Ra7 22. Bxd5 Bd7 23. Nc4 Qd8 24. Ne5 (24. b3 $16) 24... Bb5 25. Bc4 Bxc4 (25... Qb6 $14) 26. Qxc4 Qb6 27. Qe2 Qb7 (27... a5 $14) 28. Nf3 $16 Bf6 29. Ra5 e6 30. Bg5 Bg7 31. O-O Rb8 32. b4 Rc8 33. Bd2 Bf6 34. Rfa1 Rca8 35. Qc4 Bd8 36. R5a4 Bxh4 (36... Nd6 $16 37. Qa2 Bf6) 37. Qe2 (37. Nxh4 $18 Rc8 38. Qf1 (38. Rxa6 Rxc4 39. Rxa7 Qd5 $11) 38... Nxh4 39. b5 $1 {[%mdl 512]} (39. Rxa6 $2 Rxa6 40. Rxa6 Nxg2 $19)) 37... Bd8 38. c4 ({White should play} 38. Qd3 $16) 38... Bf6 $14 39. Bc3 h4 (39... Nd6 $14) 40. Ra5 $16 Qc8 (40... Nd6 $16) 41. Ne5 $18 Qb7 {[#]} 42. Qd3 ({White should try} 42. d5 $1 $18) 42... Rd8 $16 43. Rd1 Raa8 44. d5 {aiming for Nc6.} Bxe5 $1 45. Bxe5 Qxb4 46. Bc3 Qe7 47. Qe4 (47. Qf3 $1 $14) 47... exd5 $11 {The position is equal.} 48. Qxe7 Nxe7 49. Bf6 Rd7 (49... Kf8 {looks sharper.} 50. cxd5 Rd6 51. Bxh4 Rad8 52. g4 f6) 50. Bxh4 Kg7 51. Bxe7 (51. cxd5 {keeps more tension.} f6 52. Bg3 Rc8 53. d6 Rc6 54. Bh2) 51... Rxe7 52. cxd5 {KRR-KRR} Rd7 53. Rc1 Rad8 54. Rc6 Rxd5 55. Rxd5 Rxd5 56. Rxa6 Rd1+ {Accuracy: White = 42%, Black = 35%.} 1/2-1/2

[Event "Marienbad Open IM1 2020"]
[Site "Marianske Lazne"]
[Date "2020.01.24"]
[Round "8.6"]
[White "Plischki, Sebastian"]
[Black "Tymrakiewicz, Rafal"]
[Result "0-1"]
[WhiteElo "2387"]
[BlackElo "2254"]
[Annotator "TA"]
[PlyCount "102"]
[EventDate "2020.01.18"]
[EventType "tourn"]
[EventCountry "CZE"]
[SourceTitle "playchess.com"]
[Source "ChessBase"]
[SourceQuality "1"]

{[%evp 13,102,27,45,41,34,38,31,46,49,29,61,51,52,10,10,13,16,0,18,0,0,0,0,0,47,53,46,50,39,0,0,-6,0,0,0,0,16,0,0,-15,0,0,0,0,0,0,0,0,0,-70,-80,-88,-48,-8,-8,-87,-87,-87,-78,-87,-86,-86,-8,-12,0,0,0,0,0,-86,-71,-77,-84,-80,-80,-200,-218,-200,0,-330,-332,-412,-181,-569,-566,-543,-548,-587,-566,-404,-431]} 1. c4 c6 2. Nf3 d5 3. e3 Nf6 4. Nc3 a6 5. d4 b5 6. b3 Bg4 7. Be2 Nbd7 8. h3 {D15: Slav Defence: 4 Nc3 a6 and gambit lines after 4 Nc3 dxc4} Bh5 9. g4 Bg6 10. Ne5 {White is slightly better.} Nxe5 11. dxe5 Qa5 $146 ({Predecessor:} 11... Nd7 12. cxd5 cxd5 13. e6 fxe6 14. Bb2 Qb6 15. h4 Qd6 {0-1 (43) Matlakov,M (2735)-Volkov,S (2645) St Petersburg 2017}) 12. Bd2 ({Much worse is} 12. exf6 $6 Qxc3+ 13. Bd2 Qxf6 $11) 12... b4 13. Nxd5 Nxd5 14. cxd5 Qxd5 15. O-O e6 16. Bf3 Be4 17. Bxe4 Qxe4 18. Rc1 Rd8 (18... c5 {keeps more tension.} 19. f4 Rd8 20. Qe2 Be7 21. Rfd1 Rd3) 19. Qc2 Qxc2 20. Rxc2 c5 21. Rd1 Be7 22. Kf1 h5 23. g5 O-O 24. Ke2 Rd7 25. f4 Rfd8 26. Rcc1 Kf8 27. e4 Ke8 28. Be3 Rxd1 29. Rxd1 Rxd1 30. Kxd1 $11 {[%mdl 4096] Endgame KB-KB} Kd7 31. Kc2 (31. f5 $1 $11) 31... Kc6 $1 $15 32. Kd3 Kb5 $1 33. Bc1 Bd8 34. Bd2 (34. Bb2 $11) 34... Bb6 35. Be3 g6 36. Bf2 a5 37. Be3 Bc7 (37... c4+ $1 $17 38. bxc4+ Kc6) 38. Bf2 $11 Bb8 39. Be3 Ba7 (39... Bc7 $11) 40. Bf2 $17 Bb6 41. Be3 {[#]} c4+ $1 42. bxc4+ Kc6 {...Bxe3 is the strong threat.} 43. Bc1 Bf2 {[%mdl 1024] Black has strong compensation.} 44. Bd2 (44. a4 $17) 44... Kc5 $19 45. Bc1 {[#]} Bg1 $2 (45... a4 $1 $19 46. Bd2 b3 47. axb3 axb3) 46. Bb2 $2 {[%mdl 8192]} (46. a4 $1 $11) 46... a4 {[%cal Ba5a4,Ba4a3][%mdl 32]} 47. Bc1 Bf2 (47... Bd4 $142 48. a3 b3) 48. Bb2 $2 (48. Bd2 {nothing else works.}) 48... a3 49. Bc1 {intending Bd2.} Bd4 50. f5 Bg1 51. Bd2 {With the idea Be1.} Bf2 {Accuracy: White = 56%, Black = 54%.} 0-1

[Event "Marienbad Open IM1 2020"]
[Site "Marianske Lazne"]
[Date "2020.01.24"]
[Round "8.7"]
[White "Stigar, Petter"]
[Black "Abhilash, Reddy M.L."]
[Result "1/2-1/2"]
[WhiteElo "2217"]
[BlackElo "2258"]
[Annotator "TA"]
[PlyCount "28"]
[EventDate "2020.01.18"]
[EventType "tourn"]
[EventCountry "CZE"]
[SourceTitle "playchess.com"]
[Source "ChessBase"]
[SourceQuality "1"]

{[%evp 11,28,0,14,4,2,15,50,38,39,41,49,57,50,34,58,31,35,38,38]} 1. d4 d5 2. Nf3 $146 ({Predecessor:} 2. c4 c6 3. Nf3 Nf6 4. g3 Bf5 5. Nc3 e6 6. Qb3 Qb6 7. c5 Qc7 8. Bf4 Qc8 9. Nh4 Bg6 10. Nxg6 hxg6 11. Bg2 {1-0 (52) Nyzhnyk,I (2612)-Kumar,A (2186) Philadelphia 2017}) 2... Nf6 3. g3 c6 4. Bg2 Bf5 5. c4 e6 6. Nc3 Nbd7 7. Qb3 {D11: Slav Defence: 3 Nf3 sidelines and 3...Nf6 4 e3 Bg4} Qb6 8. c5 Qc7 9. Bf4 {White is slightly better.} Qc8 $1 10. Nh4 Bg6 11. Nxg6 hxg6 12. Qc2 Be7 13. a3 Bd8 14. b4 Bc7 1/2-1/2

[Event "Marienbad Open IM1 2020"]
[Site "Marianske Lazne"]
[Date "2020.01.24"]
[Round "8.8"]
[White "Sernecki, Franciszek"]
[Black "Vagman, Roy"]
[Result "1-0"]
[WhiteElo "2204"]
[BlackElo "2089"]
[Annotator "TA"]
[PlyCount "147"]
[EventDate "2020.01.18"]
[EventType "tourn"]
[EventCountry "CZE"]
[SourceTitle "playchess.com"]
[Source "ChessBase"]
[SourceQuality "1"]

{[%evp 19,147,36,29,-25,-18,-27,48,53,53,47,62,54,74,70,82,89,108,80,173,169,461,194,240,0,454,0,156,85,85,90,90,45,46,48,45,49,92,85,85,85,85,85,100,100,100,100,100,100,101,106,106,83,97,76,100,100,100,100,156,106,107,100,100,100,133,53,165,50,157,0,163,162,238,216,416,394,387,384,466,455,455,427,400,389,342,341,626,577,410,345,29958,12802,29963,29964,29966,29967,29966,29949,29965,29965,29959,29959,12811,4706,5059,0,29983,29984,29984,29985,29985,29986,29986,29987,29989,29982,29995,29996,29996,29996,29996,29996,29997,29994,29994,29994,29995,29996,29998,29998]} 1. e4 c5 2. Nf3 a6 3. c3 d5 4. exd5 Qxd5 5. d4 Nf6 6. Be2 cxd4 7. cxd4 e6 8. Nc3 Qd6 9. O-O Nc6 10. Be3 Be7 11. Qb3 {B28: Sicilian: 2 Nf3 a6 (O'Kelly Variation)} (11. Nd2 $142) (11. Qd2 O-O 12. Bf4 Qd8 13. Rfd1 Nb4 14. Ne5 Nfd5 15. Bf3 f6 16. Nd3 Nc6 17. Be3 Nxe3 18. fxe3 f5 {1-0 (54) Najer,E (2707)-Vitiugov,N (2724) Tbilisi 2017}) 11... b5 $11 12. Ne5 $146 {aiming for Nxc6.} ({Predecessor:} 12. Rfd1 Bb7 13. Rac1 O-O 14. Bg5 Rfd8 15. Bxf6 Bxf6 16. d5 Na5 17. Qc2 Bxd5 18. Nxd5 exd5 {1-0 (61) Gledura,B (1914)-Buzas,B Balatonlelle 2009}) 12... Nxe5 (12... Bb7 $11) 13. dxe5 $14 {White is slightly better.} Qxe5 14. Bf3 $1 {[%cal Rf3a8]} Rb8 15. Ba7 {[%mdl 1024] White has compensation.} Bd6 {[%csl Gd6][%cal Re5h2]} 16. g3 $36 {[%mdl 2048] Rfe1 is the strong threat. White is pushing.} Rb7 17. Rfe1 Qf5 18. Ne4 Nxe4 (18... Be7 $16 {was necessary.} 19. Nxf6+ gxf6 20. Bxb7 Bxb7) 19. Bxe4 $18 Qh3 $2 (19... Qf6 {was called for.} 20. Bc6+ (20. Bxb7 Bxb7 21. Rad1 Qe7 $14) 20... Ke7) 20. Bg2 (20. Bc6+ $142 Rd7 21. Rac1) 20... Qf5 21. Be4 $2 (21. Bc6+ $1 Ke7 22. Be4) 21... Qh3 $1 22. Bg2 $2 (22. Bc6+ $1 $18 Rd7 23. Rac1) 22... Qf5 $1 $16 23. Bxb7 (23. Bc6+ $142 $1 Ke7 24. Be4) 23... Bxb7 24. Rad1 $1 {[%cal Rd1d6]} Ke7 25. Qd3 ({Much worse is} 25. Rxd6 Kxd6 26. Qa3+ Kd7 $11) 25... Qxd3 26. Rxd3 Rc8 27. Bd4 Bb4 28. Bc3 Bxc3 29. Rxc3 Rxc3 30. bxc3 {[%mdl 4096] Endgame KR-KB} Bd5 31. Ra1 Kd6 32. Kf1 Kc5 33. Ke2 Kc4 34. Kd2 $1 Bc6 35. Re1 Bd5 36. Kc2 f5 37. f4 Be4+ 38. Kd2 h6 (38... Bd5 $142) 39. Ra1 Bc6 40. Rb1 a5 41. Ra1 Be4 42. Re1 (42. a4 $16) 42... a4 (42... h5 $14) 43. Re3 (43. g4 $1 $18) 43... Kc5 ({Black should try} 43... a3 $14) 44. Re1 Kc4 45. g4 $1 g6 (45... Kc5 $142 46. gxf5 Bxf5) 46. h4 $18 {Black must now prevent h5.} h5 $2 (46... Kc5 47. h5 gxh5 48. gxh5 Kd6) 47. gxh5 gxh5 48. Rg1 Bf3 49. Rb1 Kc5 50. Rb4 Bd5 51. a3 Bc4 52. Rb1 Kd5 $2 (52... Bd5 53. Rg1 Kc4) 53. Re1 Ba2 54. Re5+ Kc4 $2 (54... Kc6 $18 55. Kd3 Bd5) 55. Rxe6 Kb3 56. Re5 Kxa3 57. Rxb5 Bc4 58. Rb4 Bb3 {[#]} 59. Kc1 $1 Ka2 60. Rb5 Be6 {[#]} 61. Rb6 (61. c4 $142 $1 Bxc4 62. Rxf5) 61... Bd5 62. Rb5 $2 ({White has to play} 62. Rb2+ $18 Ka3 63. Rb5) 62... Be4 $2 {[%mdl 8192]} (62... Be6 $11 63. c4 {[%mdl 64] Deflection} Bxc4 64. Rxf5 Bf1 65. Rxh5 Bd3) 63. c4 {[%cal Bc3c4,Bc4c5,Bc5c6,Bc6c7][%mdl 32] White mates.} Bd3 64. Rb2+ Ka1 65. c5 Be4 66. Rb6 a3 67. c6 a2 68. c7 Bb7 69. Kd2 Bc8 70. Kc3 Bb7 71. Kd4 Bc8 72. Kc4 Bb7 73. Kc3 Bc8 74. Rg6 {Accuracy: White = 55%, Black = 35%.} 1-0

[Event "Marienbad Open IM1 2020"]
[Site "Marianske Lazne"]
[Date "2020.01.24"]
[Round "8.9"]
[White "Steiner, Bruno"]
[Black "Michalek, Jan"]
[Result "0-1"]
[WhiteElo "2117"]
[BlackElo "2251"]
[Annotator "NA"]
[PlyCount "66"]
[EventDate "2020.01.18"]
[EventType "tourn"]
[EventCountry "CZE"]
[SourceTitle "playchess.com"]
[Source "ChessBase"]
[SourceQuality "1"]
[TimeControl "40/5400+30:1800+30"]

1. e4 g6 2. c4 Bg7 3. Nc3 c5 4. Nge2 Nc6 5. g3 Ne5 6. Bg2 Nd3+ 7. Kf1 d6 8. Qc2 Nxc1 9. Rxc1 Nf6 10. d3 h5 11. h4 Nd7 12. Bh3 e6 13. Kg2 Ne5 14. Rcd1 Nc6 15. Rde1 g5 16. hxg5 Qxg5 17. a3 Bd7 18. d4 Bxd4 19. Nb5 Ke7 20. f4 Qg7 21. b4 Rag8 22. Rhf1 b6 23. Rf3 Rc8 24. Nexd4 Nxd4 25. Nxd4 cxd4 26. Qd3 b5 27. cxb5 Rc3 28. Qf1 Rhc8 29. e5 dxe5 30. f5 Rxf3 31. Qxf3 exf5 32. Qd5 f6 33. Bxf5 Bxf5 0-1

[Event "Marienbad Open IM1 2020"]
[Site "Marianske Lazne"]
[Date "2020.01.24"]
[Round "8.10"]
[White "Roesemann, Rainer"]
[Black "Grabarczyk, Miroslaw"]
[Result "1/2-1/2"]
[WhiteElo "2231"]
[BlackElo "2366"]
[Annotator "TA"]
[PlyCount "23"]
[EventDate "2020.01.18"]
[EventType "tourn"]
[EventCountry "CZE"]
[SourceTitle "playchess.com"]
[Source "ChessBase"]
[SourceQuality "1"]

{[%evp 12,18,45,25,59,37,36,31,45]} 1. d4 d5 2. Bf4 Nf6 3. e3 c6 4. c4 Bf5 5. Nc3 dxc4 6. Bxc4 e6 7. Nf3 Be7 {D15: Slav Defence: 4 Nc3 a6 and gambit lines after 4 Nc3 dxc4} (7... Bd6 8. Bxd6 Qxd6 9. Bd3 Bxd3 10. Qxd3 Nbd7 11. O-O O-O 12. e4 {½-½ (12) Domogaev,S (2398)-Gusev,A (2368) Tula 2018}) 8. h3 Nbd7 9. O-O O-O {Predecessor:} 10. Re1 $146 Rc8 11. Bb3 Nb6 12. Bh2 {½-½ (50) Dragomir,C (1399)-Palos,A (1552) Calimanesti Caciulata 2019} 1/2-1/2

[Event "Marienbad Open IM1 2020"]
[Site "Marianske Lazne"]
[Date "2020.01.25"]
[Round "9.6"]
[White "Grabarczyk, Miroslaw"]
[Black "Plischki, Sebastian"]
[Result "1/2-1/2"]
[WhiteElo "2366"]
[BlackElo "2387"]
[Annotator "TA"]
[PlyCount "19"]
[EventDate "2020.01.18"]
[EventType "tourn"]
[EventCountry "CZE"]
[SourceTitle "playchess.com"]
[Source "ChessBase"]
[SourceQuality "1"]

{[%evp 15,17,0,15,0]} 1. d4 d5 2. c4 c6 3. cxd5 cxd5 4. Nc3 Nf6 5. Nf3 Nc6 6. Bf4 Nh5 7. Bc1 Nf6 8. Bf4 Nh5 9. Bc1 {D13: Slav Defence: Exchange variation without ...Bf5} (9. Bd2 Nf6 {½-½ (10) Carlsen,M (2870)-Nepomniachtchi,I (2773) Kolkata 2019}) {Predecessor:} 9... Nb8 $146 10. Nb1 {½-½ (10) Maiorov,N (2514)-Svetushkin,D (2536) Kazan 2019} 1/2-1/2

[Event "Marienbad Open IM1 2020"]
[Site "Marianske Lazne"]
[Date "2020.01.25"]
[Round "9.7"]
[White "Michalek, Jan"]
[Black "Roesemann, Rainer"]
[Result "1/2-1/2"]
[WhiteElo "2251"]
[BlackElo "2231"]
[Annotator "TA"]
[PlyCount "40"]
[EventDate "2020.01.18"]
[EventType "tourn"]
[EventCountry "CZE"]
[SourceTitle "playchess.com"]
[Source "ChessBase"]
[SourceQuality "1"]

{[%evp 14,15,20,23]} 1. d4 Nf6 2. Nf3 e6 3. c4 b6 4. g3 Ba6 5. b3 Bb4+ 6. Bd2 Be7 7. Bg2 c6 8. O-O {Predecessor:} d5 $146 9. Qc2 Nbd7 10. Rd1 Rc8 11. a4 O-O 12. Na3 Bb7 13. Qb2 c5 14. Be1 Re8 15. e3 cxd4 16. Nxd4 a6 17. a5 Qc7 18. axb6 Qxb6 19. cxd5 Bxd5 20. Bxd5 Nxd5 {1-0 (67) Yu,Y (2751)-Ivanchuk,V (2726) Huaian 2017} 1/2-1/2